Opera per tutti (L')-Lp Svp 5002 (Record n. 99801)

Dettagli MARC
000 -LEADER
fixed length control field 02368njm a2200409Ia 4500
001 - CONTROL NUMBER
control field 23797
003 - CONTROL NUMBER IDENTIFIER
control field IT-RoPAU
005 - DATE AND TIME OF LATEST TRANSACTION
control field 20220918181121.0
008 - FIXED-LENGTH DATA ELEMENTS--GENERAL INFORMATION
fixed length control field 131025s9999 xx 000 0 und d
040 ## - CATALOGING SOURCE
Original cataloging agency IT-RoPAU
040 ## - CATALOGING SOURCE
Transcribing agency IT-RoPAU
041 ## - LANGUAGE CODE
Language code of text/sound track or separate title ITALIANO
999 ## - SYSTEM CONTROL NUMBERS (KOHA)
Koha Dewey Subclass [OBSOLETE] n.d.
100 ## - MAIN ENTRY--PERSONAL NAME
Personal name AA.VV.
9 (RLIN) 794
100 ## - MAIN ENTRY--PERSONAL NAME
Relator term Autore musica
9 (RLIN) 5970
100 ## - MAIN ENTRY--PERSONAL NAME
Miscellaneous information Codice autore musica SPICS: 12000
9 (RLIN) 796
245 ## - TITLE STATEMENT
Title Opera per tutti (L')-Lp Svp 5002
250 ## - EDITION STATEMENT
Edition statement 1a ed.
260 ## - PUBLICATION, DISTRIBUTION, ETC. (IMPRINT)
Place of publication, distribution, etc. VARESE
260 ## - PUBLICATION, DISTRIBUTION, ETC. (IMPRINT)
Name of publisher, distributor, etc. EMI ITALIANA
Date of publication, distribution, etc. 1969 [1a Ed.:1969]
300 ## - PHYSICAL DESCRIPTION
Extent DISCO
500 ## - GENERAL NOTE
General note Musica operistica. Musica lirica. Musica classica. Opera lirica, scelta dei migliori brani registrati dai più famosi interpreti della lirica per la prestigiosa serie la Voce del Padrone-Angel
505 ## - FORMATTED CONTENTS NOTE
Formatted contents note Aida: gloria all'Egitto; Celeste Aida (Verdi-Corelli F.) - Andrea Chenier: nemico della Patria; la mamma morta - Turandot: in quella reggia; nessun dorma - Il trovatore: vedi le fosche, notturne..; stride la vampa; di quella pira - Madama Butterfly: un bel dì vedremo (Puccini-Scotto) - Tosca: vissi d'arte; e lucean le stelle (Puccini) - Boheme: sì, mi chiamano Mimì (M. Freni) - Carmen: Habanera (Callas); Toreador (Massard)
511 ## - PARTICIPANT OR PERFORMER NOTE
Participant or performer note Coro e Orchestra dell'Opera di Roma e Corelli Franco, tenore diretti da Mehta Zubin
511 ## - PARTICIPANT OR PERFORMER NOTE
Participant or performer note Sereni Mario e Stella Antonietta
511 ## - PARTICIPANT OR PERFORMER NOTE
Participant or performer note Nilsson Birgit e Corelli Franco
511 ## - PARTICIPANT OR PERFORMER NOTE
Participant or performer note Coro e Orchestra dell'Opera di Roma diretta da Schippers T.
511 ## - PARTICIPANT OR PERFORMER NOTE
Participant or performer note Scotto Renata
511 ## - PARTICIPANT OR PERFORMER NOTE
Participant or performer note Callas Maria e Bergonzi Carlo
511 ## - PARTICIPANT OR PERFORMER NOTE
Participant or performer note Freni Mirella
650 ## - SUBJECT ADDED ENTRY--TOPICAL TERM
Topical term or geographic name as entry element OPERA [DISCHI]
Relator term Codice MATERIA SPICS: 9950
9 (RLIN) 961
700 ## - ADDED ENTRY--PERSONAL NAME
Personal name Verdi Giuseppe
Dates associated with a name Codice autore musica SPICS: 89
Relator term Autore musica
Name of part/section of a work Aida: gloria all'Egitto; Celeste Aida - Il Trovatore: vedi le fosche, notturne..; stride la vampa; di quella pira
9 (RLIN) 5971
700 ## - ADDED ENTRY--PERSONAL NAME
Personal name Giordano Umberto
Dates associated with a name Codice autore musica SPICS: 13179
Relator term Autore musica
Name of part/section of a work Andrea Chenier: nemico della Patria; la mamma morta
9 (RLIN) 5972
700 ## - ADDED ENTRY--PERSONAL NAME
Personal name Puccini Giacomo
Dates associated with a name Codice autore musica SPICS: 11082
Relator term Autore musica
Name of part/section of a work Turandot: in quella reggia; nessun dorma - Madama Butterfly: un bel dì vedremo - Tosca: vissi d'arte; e lucean le stelle - Boheme: sì, mi chiamano Mimì
9 (RLIN) 5973
700 ## - ADDED ENTRY--PERSONAL NAME
Personal name Bizet Georges
Dates associated with a name Codice autore musica SPICS: 10724
Relator term Autore musica
Name of part/section of a work Carmen: Habanera
9 (RLIN) 5974
942 ## - ADDED ENTRY ELEMENTS (KOHA)
Koha item type DISCHI
Source of classification or shelving scheme Dewey Decimal Classification
Dati di copia
Withdrawn status Lost status Damaged status Not for loan Home library Current library Date acquired Total Checkouts Full call number Date last seen Price effective from Koha item type Public note
    Buone Condizioni Not For Loan SPICS-MEDIATECA SPICS-MEDIATECA 25/10/2013   23797 25/10/2013 25/10/2013 DISCHI Progr. Ins.: 4644 / N.Vol.: 1 / Copie: 1 - Copia rara: n.d. / date import: 01.01.2014 - By Epidotti, Trombetti, Vaglietti
CREDITS: SOCIETA' SAN PAOLO Via A.Severo, 58 - ROMA (RM) & PERIODICI SAN PAOLO SRL Via Giotto, 36 MILANO & CISF Via Giotto, 36 MILANO & EDIZIONI SAN PAOLO SRL,  Piazza Soncino, 5 CINISELLO BALSAMO (MI) -- ITALY